|
|
|
|
| LEADER |
00000nam a22000007a 4500 |
| 005 |
20210515141243.0 |
| 007 |
cr|||| ||u| |
| 008 |
210515s2017 br |||||s|||| 00||0 por d |
| 020 |
|
|
|a 978-85-8310-092-8
|
| 035 |
|
|
|a 33354
|
| 040 |
|
|
|a vLex
|
| 090 |
|
|
|c 11682
|d 11682
|
| 100 |
1 |
|
|a de Barros Carvalho, Paulo
|
| 245 |
1 |
0 |
|a Racionalizaȯ̂ do sistema tributr̀io
|h [Recurso electrn̤ico] /
|c Paulo de Barros Carvalho
|
| 256 |
|
|
|a Servicio en ln̕ea
|
| 260 |
|
|
|a San Pablo:
|b Editora Noeses,
|c 2017
|
| 300 |
|
|
|a 1 recurso electrn̤ico
|
| 506 |
1 |
|
|a Disponible solo en los productos indicados
|d vLex Global
|d vLex Global (Academic Edition, excluding Law Schools)
|d vLex Global (U.S. Academic Edition, Law Schools)
|d vLex Global (U.S. Academic Edition, excluding Law Schools)
|d vLex Global (Academic Edition, Law Schools)
|
| 650 |
0 |
4 |
|a Derecho Tributario
|z Brasil
|
| 700 |
1 |
|
|a de Souza, Priscila
|
| 740 |
0 |
|
|a vLex Libros (Servicio en ln̕ea)
|
| 856 |
4 |
0 |
|u https://vlex.com/source/racionaliza-o-do-sistema-tributario-33354
|z Acceso restringido
|
| 942 |
|
|
|c BOOK
|
| 999 |
0 |
|
|a Tax Law
|